000
00274nam a22000977a 4500
008
240220b |||||||| |||| 00| 0 eng d
082
_a
A-C
_b
DOCE
100
1
0
_a
Doce relatos de mujeres
_e
autor
_9
43452
245
_a
Doce relatos de mujeres /
_c
Fernández, Cristina
942
_2
ddc
999
_c
30634
_d
17018